Parki w Katowicach - Statystyki

Ogólne statystyki
  • Ten quiz został rozwiązany 37 razy
    36 od ostatniego zresetowania
  • Średni wynik to 10 z 40
Statystyki odpowiedzi
Hint Odpowiedź % Poprawnych
72 ha Park im. Tadeusza Kościuszki
97%
7,76 ha Park Zadole
60%
86 ha Dolina Trzech Stawów
57%
100,67 ha Rezerwat przyrody Las Murckowski
57%
420 ha Katowicki Park Leśny
53%
3,78 ha Park Bogucki
43%
4,5 ha Park Alojzego Budnioka
40%
4,71 ha Park Bolina
40%
4,18 ha Park Wełnowiecki
40%
1,01 ha Plac Wolności
37%
25,79 ha Rezerwat przyrody Ochojec
37%
8 ha Kalwaria Panewnicka
30%
3,378 ha Park Giszowiecki
30%
3,008 ha Park Załęski
30%
0,76 ha Plac kardynała Augusta Hlonda
30%
1,37 ha Plac Andrzeja
27%
9,83 ha Park Murcki
23%
1,63 ha Plac Grunwaldzki
23%
0,52 ha Plac Miarki
23%
0,34 ha Skwer Stanisława Barei
23%
157 ha Zespół przyrodniczo-krajobrazowy „Szopienice-Borki”
23%
3,01 ha Park Powstańców Śląskich
20%
0,7 ha Plac Gwarków
20%
100,4 ha Zespół przyrodniczo-krajobrazowy „Źródła Kłodnicy”
20%
0,97 ha Skwer Przyjaciół z Miszkolca
17%
2,81 ha Park Olimpijczyków
13%
16 ha Park Stawy na Tysiącleciu
13%
0,79 ha plac Miast Partnerskich
13%
15,88 ha Lasek Alfreda
10%
159,5 ha Las Gniotek
7%
4,22 ha Płone Bagno
7%
0,78 ha Skwer Gustawa Holoubka
7%
0,35 ha Skwer Józefa Kocurka
7%
0,54 ha Skwer Koszycki
7%
0,30 ha Skwer Michała Banasika
7%
1,77 ha Skwer Richarda Holtzego
7%
2,53 ha Skwer Walentego Fojkisa
7%
20,9 ha Kamienna Góra
3%
2,37 ha Park Antona Uthemanna
3%
0,33 ha Skwer im. prof. Wilibalda Winklera
0%
Nie znaleziono quizów pasujących do podanych kryteriów
Rozkład punktacji
Procent ludzi z każdym wynikiem
Percentyl według liczby udzielonych odpowiedzi
Twoja historia wyników
Nie rozwiązałeś tego quizu od ostatniego zresetowania